Atkins' physical chemistry / (Record no. 20891)

MARC details
000 -LEADER
fixed length control field 01145cam a22003135i 4500
001 - CONTROL NUMBER
control field 18247485
003 - CONTROL NUMBER IDENTIFIER
control field EG-ScBUE
005 - DATE AND TIME OF LATEST TRANSACTION
control field 20250723101229.0
008 - FIXED-LENGTH DATA ELEMENTS--GENERAL INFORMATION
fixed length control field 140730t2014 enka f 001 0 eng d
020 ## - INTERNATIONAL STANDARD BOOK NUMBER
International Standard Book Number 9780199697403
040 ## - CATALOGING SOURCE
Original cataloging agency EG-ScBUE
Language of cataloging eng
Description conventions rda
Transcribing agency EG-ScBUE
Modifying agency EG-ScBUE
082 04 - DEWEY DECIMAL CLASSIFICATION NUMBER
Classification number 541.3
Item number ATK
Edition number 22
100 1# - MAIN ENTRY--PERSONAL NAME
Personal name Atkins, P. W.
Fuller form of name (Peter William),
Dates associated with a name 1940-
9 (RLIN) 37442
Relator term author.
245 10 - TITLE STATEMENT
Title Atkins' physical chemistry /
Statement of responsibility, etc Peter Atkins, fellow of Lincoln College, University of Oxford, Oxford, UK, Julio de Paula, Professor of Chemistry, Lewis & Clark College, Portland, Oregon, USA.
246 30 - VARYING FORM OF TITLE
Title proper/short title Physical chemistry
250 ## - EDITION STATEMENT
Edition statement Tenth edition.
264 #1 - PUBLICATION, DISTRIBUTION, ETC. (IMPRINT)
Place of publication, distribution, etc Oxford :
Name of publisher, distributor, etc Oxford University Press,
Date of publication, distribution, etc [2014]
264 #4 - PUBLICATION, DISTRIBUTION, ETC. (IMPRINT)
Date of publication, distribution, etc c2014
300 ## - PHYSICAL DESCRIPTION
Extent xxv, 1008 pages :
Other physical details color illustrations ;
Dimensions 28 cm
336 ## - CONTENT TYPE
Source rdacontent
Content type term text
Content type code txt
337 ## - MEDIA TYPE
Media type term unmediated
Source rdamedia
Media type code n
338 ## - CARRIER TYPE
Carrier type term volume
Carrier type code nc
Source rdacarrier
500 ## - GENERAL NOTE
General note Includes index.<br/>
650 #7 - SUBJECT ADDED ENTRY--TOPICAL TERM
Topical term or geographic name as entry element Chemistry, Physical and theoretical.
Source of heading or term BUEsh
9 (RLIN) 2007
653 ## - INDEX TERM--UNCONTROLLED
Resource For college Engineering, General
Arrived date list October2015
655 ## - INDEX TERM--GENRE/FORM
Form subdivision Text book
9 (RLIN) 33728
700 1# - ADDED ENTRY--PERSONAL NAME
Personal name De Paula, Julio,
9 (RLIN) 37443
Relator term author.
942 ## - ADDED ENTRY ELEMENTS (KOHA)
Source of classification or shelving scheme Dewey Decimal Classification
Koha item type Book - Borrowing
Holdings
Withdrawn status Lost status Source of classification or shelving scheme Damaged status Not for loan Collection code Home library Current library Shelving location Date acquired Source of acquisition Total Checkouts Full call number Barcode Date last seen Price effective from Koha item type Total Renewals Date checked out
    Dewey Decimal Classification     Baccah Central Library Central Library First floor 08/10/2015 Purchase   541.3 ATK 000039868 15/07/2025 08/10/2015 NB - Book (Non borrowing)    
    Dewey Decimal Classification     Baccah Central Library Central Library First floor 08/10/2015 Purchase 3 541.3 ATK 000039869 15/07/2025 08/10/2015 Book - Borrowing 9 25/09/2018